Bible or Quran? Quiz Stats

 Plays Quiz Updated Feb 24, 2019

Score 0/20 Timer 04:00
0 Plays Today
Passage Holy Book % Correct
In the beginning was the Word, and the Word was with God, and the Word was God.???
81.6%
Blessed are the peacemakers, for they shall be called sons of God.???
81.5%
But I say to you who hear, Love your enemies, do good to those who hate you.???
79.8%
Let the women keep silent in churches for it is not permitted for them to speak.???
70.3%
Act justly, love mercy and walk humbly with God???
69%
Your two breasts are like two fawns, like twins of a gazelle that feed among the lilies.???
68.7%
Utterly destroy all that they have and spare them not; but slay both man and woman, infant and suckling.???
65.7%
And when the sacred months have passed, then kill the polytheists wherever you find them.???
63.3%
And the servants of the Most Merciful are those who walk upon the earth easily, and when the ignorant address them harshly, they say words of peace,???
62.8%
Soon shall We cast terror into the hearts of the Unbelievers.???
61.4%
Passage Holy Book % Correct
I will make my arrows drunk with blood and sword shall devour flesh.???
59%
Happy shall he be that take and dash their little ones against the rock.???
57.9%
Fight in the way of God those who fight against you, but do not transgress. God does not love the transgressor.???
56.3%
Show forgiveness, speak for justice and avoid the ignorant???
56.2%
Aim for restoration, comfort one another, agree with one another, live in peace; and the God of love and peace will be with you.???
55.3%
Satan wishes to sow enmity and hatred between you with intoxicants and gambling. ???
55.1%
Whosoever holds fast to God, he has been guided onto the Straight Path.???
53.9%
And if they incline to peace, do so and put your trust in God.???
48.5%
Be patient; for, verily, God will not let the reward of the righteous be wasted.???
40.8%
And in their footsteps We sent Jesus the son of Mary, confirming the law that had come before him. ???
39.4%

You're not logged in!

Compare scores with friends on all Sporcle quizzes.
OR
Log In

Show Comments

Extras

Top Quizzes Today


Score Distribution

Your Account Isn't Verified!

In order to create a playlist on Sporcle, you need to verify the email address you used during registration. Go to your Sporcle Settings to finish the process.

Report this User

Report this user for behavior that violates our Community Guidelines.

Details: